| 000 | 01143cam a22003257a 4500 | ||
|---|---|---|---|
| 003 | CHAP | ||
| 005 | 20220817043352.0 | ||
| 008 | 971013s1985 r 00010 d | ||
| 010 | _a73366 | ||
| 011 | _a74338 | ||
| 035 | _a83897 | ||
| 040 | _cCHAP | ||
| 090 | _aFolleto 9675 | ||
| 100 | 0 | 0 |
_aGarcía Rollán, Mariano. _946546 |
| 245 | 0 | _aNuevas técnicas de cultivo del Pleurotus ostreatus | |
| 260 |
_aMadrid : _bMinisterio de Agricultura, Pesca y Alimentación, _c1985 |
||
| 300 |
_a20 p. _b: ilus. |
||
| 490 | 0 |
_aMinisterio de Agricultura, Pesca y Alimentación. Hojas divulgadoras _v; 9/92 |
|
| 590 |
_aBATCH-UPD _b10 _c20130110 _lUCH01 _h1112 |
||
| 590 |
_aBATCH-UPD _b10 _c20130410 _lUCH01 _h0703 |
||
| 590 |
_aBATCH-UPD _b10 _c20130914 _lUCH01 _h1829 |
||
| 590 |
_aCONVERSION _b10 _c20130109 _lUCH01 _h1340 |
||
| 650 | 1 | 4 |
_aPleurotus ostreatus. _989176 |
| 650 | 1 | 4 |
_aSetas. _9105368 |
| 830 | 0 |
_aMinisterio de Agricultura, Pesca y Alimentación. Hojas divulgadoras _v; 9/92 |
|
| 901 | _aBK | ||
| 942 | _cFOLL | ||
| 949 |
_aFolleto 9675 _bBC _cFOLL _d-38874 _eTS1 _i83897 _si |
||
| 949 |
_aFolleto 9675 _bBC _cFOLL _d-38875 _eTS2 _fc.2 _i83897 _si |
||
| 999 |
_c73366 _d73366 |
||